Programa de formació : Servei de Salut Pública i Cosum Servei de Salut Pública i Cosum
Descripción Física:
1 carpeta amb 53 f. ; 31 cm + 1 invitació
MARC
| LEADER | 00000nam a2200000Ia 4500 | ||
|---|---|---|---|
| 001 | 22417 | ||
| 008 | 160829s1997 xx 000 0 cat d | ||
| 080 | |a FOL-3-82 | ||
| 245 | |a Programa de formació : |b Servei de Salut Pública i Cosum | ||
| 260 | |a Barcelona : |b Diputació de Barcelona. Servei de Salut Pública i Cosum, |c 1997 | ||
| 300 | |a 1 carpeta amb 53 f. ; |c 31 cm + 1 invitació | ||
| 590 | |a A la coberta: Pla de Formació municipal. | ||
| 590 | |a Títol de la sessió formativa: Ensenyaments no reglats, aspectes que cal tenir en compte | ||
| 650 | |a Ensenyament no reglat |9 32402 | ||
| 650 | |a Personal |x Fromació |9 43211 | ||
| 710 | |a Barcelona (Catalunya : Província). |b Servei de Salut Pública i Consum |9 8151 | ||
| 901 | |a Arxiu | ||
| 942 | |n 1 | ||
| 952 | |0 0 |1 0 |4 0 |6 FOL382 |7 1 |9 51278 |a Arxiu |b Arxiu |d 2016-12-01 |l 0 |o FOL-3-82 |p 22417 |r 2016-12-01 00:00:00 |w 2016-12-01 |y ARXIU | ||
| 999 | |c 55122 |d 55122 | ||